Score 0/16 Timer 10:00
0 Plays Today
% Correct
peppa pig
98.7%
george pig
86.7%
mummy pig
76.1%
daddy pig
76.1%
grandad pig
33.9%
grandma pig
32.2%
danny dog
23%
daddy dog
14.1%
% Correct
grandad dog
11.8%
suzy sheep
11.6%
mummy sheep
10.4%
candy cat
8.7%
mummy cat
8.1%
daddy rabbit
6.1%
mummy rabbit
5.9%
rebbaca rabbit
4.8%

You're not logged in!

Compare scores with friends on all Sporcle quizzes.
OR
Log In

Sporcle TV

Today on Sporcle TV


Watch our educational content, quiz creation guides, and fun videos on Sporcle TV.

Show Comments

Extras

Created Oct 5, 2009ReportNominate
Tags:Character, peppa, pig

Top Quizzes Today


Score Distribution

Paid Content

Your Account Isn't Verified!

In order to create a playlist on Sporcle, you need to verify the email address you used during registration. Go to your Sporcle Settings to finish the process.

Report this User

Report this user for behavior that violates our Community Guidelines.

Details: